<?xml version='1.0' encoding='UTF-8'?>
  <record xmlns="http://www.loc.gov/MARC21/slim">
    <leader>00000cem a2200000 i 4500</leader>
    <controlfield tag="001">ocn980373246</controlfield>
    <controlfield tag="003">OCoLC</controlfield>
    <controlfield tag="005">20240202180208.2</controlfield>
    <controlfield tag="008">991018s1746    ne        a     0   dut d</controlfield>
    <datafield tag="040" ind1=" " ind2=" ">
      <subfield code="a">QGJ</subfield>
      <subfield code="b">dut</subfield>
      <subfield code="c">QGJ</subfield>
      <subfield code="d">OCLCQ</subfield>
      <subfield code="d">OCLCL</subfield>
    </datafield>
    <datafield tag="035" ind1=" " ind2=" ">
      <subfield code="a">(OCoLC)980373246</subfield>
    </datafield>
    <datafield tag="084" ind1=" " ind2=" ">
      <subfield code="a">74.20</subfield>
      <subfield code="2">bcl</subfield>
    </datafield>
    <datafield tag="100" ind1="1" ind2=" ">
      <subfield code="a">Dou, Jan Jansz.,</subfield>
      <subfield code="d">1615-1682.</subfield>
      <subfield code="1">https://id.oclc.org/worldcat/entity/E39PBJkhJQDDty6yhXX89KTbVC</subfield>
    </datafield>
    <datafield tag="245" ind1="1" ind2="3">
      <subfield code="a">'t Hooge heem-raed-schap van Rhynland.</subfield>
    </datafield>
    <datafield tag="246" ind1="3" ind2=" ">
      <subfield code="a">Hooge heemraedschap van Rhynland</subfield>
    </datafield>
    <datafield tag="246" ind1="3" ind2=" ">
      <subfield code="a">Concept, sluyzen en doorgravingen, om daar door te verkrygen een meerder loozing voor Rhynlands boezem water ...</subfield>
    </datafield>
    <datafield tag="246" ind1="3" ind2=" ">
      <subfield code="a">Afbeeldinghe van Rhynlands waterstaat ten opzichte van 't vergrooten der Haarlemmer of Leydse Meer ...</subfield>
    </datafield>
    <datafield tag="246" ind1="3" ind2=" ">
      <subfield code="a">Nauwkeurige kaart van de Haarlemmer of Leidsemeer ...</subfield>
    </datafield>
    <datafield tag="246" ind1="3" ind2=" ">
      <subfield code="a">Nieuwe kaart van het Hoogheemraadschap van Rijnland, alsmede van Amstelland ...</subfield>
    </datafield>
    <datafield tag="250" ind1=" " ind2=" ">
      <subfield code="a">[3de uitg.].</subfield>
    </datafield>
    <datafield tag="255" ind1=" " ind2=" ">
      <subfield code="a">Schaal [ca. 1:28.800].</subfield>
    </datafield>
    <datafield tag="264" ind1=" " ind2="1">
      <subfield code="a">[Amsterdam] :</subfield>
      <subfield code="b">[Tirion],</subfield>
      <subfield code="c">[1746]</subfield>
    </datafield>
    <datafield tag="300" ind1=" " ind2=" ">
      <subfield code="a">1 krt (12 bl.+titelbl.) :</subfield>
      <subfield code="b">ill. ;</subfield>
      <subfield code="c">174 x 167 cm</subfield>
    </datafield>
    <datafield tag="336" ind1=" " ind2=" ">
      <subfield code="a">cartografische afbeelding</subfield>
      <subfield code="b">cri</subfield>
      <subfield code="2">rdacontent/dut</subfield>
    </datafield>
    <datafield tag="337" ind1=" " ind2=" ">
      <subfield code="a">zonder medium</subfield>
      <subfield code="b">n</subfield>
      <subfield code="2">rdamedia/dut</subfield>
    </datafield>
    <datafield tag="338" ind1=" " ind2=" ">
      <subfield code="a">vel</subfield>
      <subfield code="b">nb</subfield>
      <subfield code="2">rdacarrier/dut</subfield>
    </datafield>
    <datafield tag="500" ind1=" " ind2=" ">
      <subfield code="a">1ste uitg.: 1647.</subfield>
    </datafield>
    <datafield tag="500" ind1=" " ind2=" ">
      <subfield code="a">Is: Kaert van Rijnland / Jan Jansz. Dou en Steven van Broeckhuysen; graveur: Cornelis Danckerts. - 3de dr., herz. door Melchior Bolstra, en gegraveerd door David Coster.</subfield>
    </datafield>
    <datafield tag="562" ind1=" " ind2=" ">
      <subfield code="a">Ex. AC 359 dl 1: losbladig.</subfield>
      <subfield code="5">NL-UtRU</subfield>
    </datafield>
    <datafield tag="562" ind1=" " ind2=" ">
      <subfield code="a">Ex. T fol 140 Lk: ingekleurd; met kompaslijnen in handschr.; gebonden in atlas. Bevat tevens: Concept, sluyzen en doorgravingen, om daar door te verkrygen een meerder loozing voor Rhynlands boezem water ... / door M. Bolstra. - 1740; Nauwkeurige kaart van de Haarlemmer of Leidsemeer ... / door M. Bolstra. - [Amsterdam] : Tirion, 1745; en: Nieuwe kaart van het Hoogheemraadschap van Rijnland, alsmede van Amstelland ... - Amst. : Tirion, 1745.</subfield>
      <subfield code="5">NL-UtRU</subfield>
    </datafield>
    <datafield tag="562" ind1=" " ind2=" ">
      <subfield code="a">Ex. *VIII*.B.k.9: losbladig; bevat tevens: 1 wapenblad: Wapens en naamen van de Heeren hoog heemraden ... na het jaar 1750 ... (de afbeeldingen onvolledig ingevuld).</subfield>
      <subfield code="5">NL-UtRU</subfield>
    </datafield>
    <datafield tag="562" ind1=" " ind2=" ">
      <subfield code="a">Ex. *VIII*.B.k.9a: gebonden in atlas; bevat tevens: Concept, sluyzen en doorgravingen, om daar door te verkrygen een meerder loozing voor Rhynlands boezem water ... / door M. Bolstra. - 1740; en: Afbeeldinghe van Rhynlands waterstaat ten opzichte van 't vergrooten der Haarlemmer of Leydse Meer ... / door M. Bolstra. - [1740].</subfield>
      <subfield code="5">NL-UtRU</subfield>
    </datafield>
    <datafield tag="562" ind1=" " ind2=" ">
      <subfield code="a">Ex. *VIII*.B.k.9b: gebonden in atlas; bevat tevens: 2 wapenbl. (van Jacob Philip van Boetzelaer van Nieuveen en Jan Lodewik Haganus van Wassenaer van Ruyven) + 1 los blad met afbeelding van bijbehorende kwastjes.</subfield>
      <subfield code="5">NL-UtRU</subfield>
    </datafield>
    <datafield tag="510" ind1="0" ind2=" ">
      <subfield code="a">Donkersloot-de Vrij, Topografische kaarten van Nederland vóór 1750, 715</subfield>
    </datafield>
    <datafield tag="510" ind1="0" ind2=" ">
      <subfield code="a">Dee, Inventaris van de kaartboeken ... van Rijnland, 2, N5</subfield>
    </datafield>
    <datafield tag="650" ind1=" " ind2="7">
      <subfield code="a">Hoogheemraadschap Rijnland.</subfield>
      <subfield code="0">(NL-LeOCL)078655307.</subfield>
      <subfield code="2">gtt</subfield>
    </datafield>
    <datafield tag="651" ind1=" " ind2="7">
      <subfield code="a">Holland.</subfield>
      <subfield code="0">(NL-LeOCL)078535999.</subfield>
      <subfield code="2">gtt</subfield>
    </datafield>
    <datafield tag="700" ind1="1" ind2=" ">
      <subfield code="a">Broeckhuysen, Steven Pietersz. van.</subfield>
    </datafield>
    <datafield tag="700" ind1="1" ind2=" ">
      <subfield code="a">Danckertsz, Cornelis,</subfield>
      <subfield code="d">1603-1656.</subfield>
      <subfield code="1">https://id.oclc.org/worldcat/entity/E39PBJptWcwF7hp8pHD3y8cF8C</subfield>
    </datafield>
    <datafield tag="700" ind1="1" ind2=" ">
      <subfield code="a">Bolstra, Melchior,</subfield>
      <subfield code="d">1704-1779.</subfield>
      <subfield code="1">https://id.oclc.org/worldcat/entity/E39PCjH4Bfj7fqc39Jk9dCWTwP</subfield>
    </datafield>
    <datafield tag="700" ind1="1" ind2=" ">
      <subfield code="a">Coster, David,</subfield>
      <subfield code="d">ca. 1686-1752.</subfield>
      <subfield code="1">https://id.oclc.org/worldcat/entity/E39PBJw94xbtyKQmdbWwDYrcyd</subfield>
    </datafield>
    <datafield tag="700" ind1="1" ind2=" ">
      <subfield code="a">Moll, Gerrit</subfield>
      <subfield code="3">T. fol 140 Lk,</subfield>
      <subfield code="e">former owner.</subfield>
      <subfield code="4">fmo</subfield>
      <subfield code="5">NL-UtRU</subfield>
    </datafield>
    <datafield tag="758" ind1=" " ind2=" ">
      <subfield code="a">'t Hooge heemraed-schap van Rhynland (CartographicMaterial)</subfield>
      <subfield code="1">https://id.oclc.org/worldcat/entity/E39PCGY7F93Rk6Grk8TKDhFWKq</subfield>
      <subfield code="4">https://id.oclc.org/worldcat/ontology/hasWork</subfield>
    </datafield>
  </record>